Guess the Soccer/Football Players (Hints) - Statistics

General Stats
  • This quiz has been taken 114 times
  • The average score is 12 of 15
Answer Stats
Hint Answer % Correct
Argentinian forward who is deemed "The Goat." Lionel Messi
100%
Portuguese forward who people call "The Goat." Cristiano Ronaldo
99%
French forward who got top scorer and a silver medal in the 2022 World Cup. Kylian Mbappe
98%
Norwegian forward who scored 50+ goals for his club in his first season. Erling Haaland
97%
South Korean forward who is a Tottenham legend and liked by many football fans. Son Heung Min
97%
Uruguayan forward who is known for winning two golden boots during the Messi-Ronaldo Era. Luis Suarez
95%
Croatian midfielder who is known for his longevity in the sport and winning the Ballon D'or once. Luka Modric
94%
Retired Swedish forward who was known for his longevity and arrogant attitude. Zlatan Ibrahimovic
91%
Retired Spanish midfielder who formerly managed Barcelona. Xavi
86%
Spanish center back who is known for his brexit defending. Sergio Ramos
84%
Brazilian forward who is known for his super expensive transfer to PSG in 2017. Neymar Jr
82%
Polish forward known for his goal scoring ability, joined Barcelona in 2022. Robert Lewandowski
77%
Retired Brazilian winger known for his superb skills. Ronaldinho
71%
Retired German midfielder known for his creativity on the pitch. Mesut Ozil
40%
Retired Dutch forward known for wearing goggles on the pitch. Edgar Davids
36%
No matching quizzes found
Score Distribution
Percent of People with Each Score
Percentile by Number Answered
Your Score History
You have not taken this quiz